|
|
|
|
| LEADER |
00000nab a2200000 a 4500 |
| 001 |
vtls009495303 |
| 003 |
SK-MaSNL |
| 005 |
20260304151158.0 |
| 008 |
250506c2009 xo zr|p|||||||000 b|slo |
| 015 |
|
|
|a SNBRB2009/04
|2 snkbucl
|
| 035 |
|
|
|a (uuid)1492ed7f-e363-44a0-ac09-8da793e42c4c
|
| 035 |
|
|
|a urn:nbn:sk:snk-ab21x2
|
| 035 |
|
|
|a (urnnbn)urn:nbn:sk:snk:ar-a01f9s
|
| 038 |
|
|
|a SNKBUCL
|
| 040 |
|
|
|a SNKBUCL
|b slo
|c SNKBUCL
|e AACR2
|
| 041 |
0 |
|
|a slo
|
| 044 |
|
|
|a xo
|c SK
|
| 080 |
|
|
|a 78.071.1/.2
|2 2001
|
| 100 |
1 |
|
|a Rehák, Oliver,
|d 1973-
|4 ivr
|4 aut
|9 104655
|
| 245 |
1 |
0 |
|a Vždy unikám z toho, k čomu kráča väčšina
|c pripravil Oliver Rehák, Peter Machajdík
|
| 300 |
|
|
|b Fotogr.
|
| 600 |
1 |
7 |
|a Machajdík, Peter,
|d 1961-
|2 snkbucl
|9 120336
|
| 655 |
|
7 |
|a rozhovory
|2 snkbucl
|9 31831
|
| 700 |
1 |
|
|a Machajdík, Peter,
|d 1961-
|4 ive
|9 120336
|
| 773 |
0 |
|
|t Hudobný život
|g Roč. XLI, č. 3 (2009), s. 14-16
|x 1335-4140
|
| 850 |
|
|
|a Slovenská národná knižnica
|
| 852 |
|
|
|a Slovenská národná knižnica
|
| 954 |
|
|
|a odborná, vedecká literatúra pôvodná (slovenská)
|2 lita
|
| 958 |
|
|
|a article27
|
| 958 |
|
|
|a OND
|
| 958 |
|
|
|a SK
|
| 958 |
|
|
|a DE
|
| 958 |
|
|
|a EUIPO
|
| 999 |
|
|
|c 2941978
|d 2943908
|